000 00844 a2200205 4500
005 20080924112454.0
008 080924t xxu||||| |||| 00| 0 eng d
010 _aENG-87844
020 _a8183187848
_c175.00
035 _aEN-71377
037 _bD.B.Act / Pub
082 _a346.54066
100 _aMaheshwari, S. N.
245 _aElements of corporate laws
_cby S. N. Maheshwari and S. K. Maheshwari
_bfor B.Com (Hons.) (DU), CS Inter (ICSI) & similar course
260 _aMumbai
_bHimalaya Publishing House
_c2007
300 _avarious paging
_c24 cm. (Pbk.)
700 _aMaheshwari, S. K.
942 _adpl
_cEN
_k346.54066 / MAH
_2ddc
_h346.54066
_mMAH
999 _c7136
_d7136